Sports Quiz

Random Sports or Baseball Quiz
Score 0/70 Timer 10:00
0 Plays Today
% Correct
Boston Braves
89.3%
Arizona Diamondbacks
88.7%
Atlanta Braves
85.7%
Boston Red Sox
84.5%
Baltimore Orioles
83.3%
Milwaukee Braves
82.7%
Chicago Cubs
82.1%
Chicago White Sox
79.8%
Cincinnati Reds
78.6%
Brooklyn Dodgers
78%
Anaheim Angels
77.4%
Detroit Tigers
76.8%
Los Angeles Angels
76.8%
Colorado Rockies
76.2%
California Angels
76.2%
Cleveland Indians
75.6%
Houston Astros
74.4%
New York Giants
73.8%
Los Angeles Dodgers
73.2%
Montreal Expos
73.2%
Kansas City Royals
73.2%
Florida Marlins
72.6%
Washington Senators
72%
Washington Senators
72%
Houston Colt 45's
70.8%
Washington Nationals
70.8%
New York Yankees
70.8%
Tampa Bay Devil Rays
70.8%
San Francisco Giants
69.6%
New York Mets
69%
San Diego Padres
69%
St. Louis Cardinals
69%
Oakland Athletics
69%
Tampa Bay Rays
69%
Milwaukee Brewers
68.5%
% Correct
Pittsburgh Pirates
68.5%
Milwaukee Brewers
68.5%
Philadelphia Phillies
67.9%
Seattle Mariners
67.9%
Toronto Blue Jays
67.9%
Minnesota Twins
67.3%
Philadelphia Athletics
66.7%
Texas Rangers
66.7%
Kansas City Athletics
63.7%
St. Louis Browns
62.5%
Seattle Pilots
61.3%
Boston Beaneaters
53%
Cincinnati Redlegs
53%
New York Highlanders
46.4%
Boston Americans
39.9%
Cleveland Naps
36.3%
Los Angeles Angels of Anaheim
36.3%
Chicago White Stockings
32.7%
Cincinnati Red Stockings
32.1%
Boston Pilgrims
29.2%
Chicago Orphans
25%
Brooklyn Bridegrooms
24.4%
Brooklyn Robins
22%
Boston Bees
20.8%
Brooklyn Superbas
20.2%
New York Gothams
20.2%
Boston Doves
16.7%
Cleveland Blues
16.7%
Brooklyn Grooms
13.7%
Brooklyn Atlantics
12.5%
Boston Rustlers
11.9%
Boston Red Caps
11.9%
Chicago Colts
11.9%
Cleveland Bronchos
9.5%
Brooklyn Grays
8.9%
Remove Ads.
Support Sporcle.
Get the best of Sporcle when you Go Orange. This ad-free experience offers more features, more stats, and more fun while also helping to support Sporcle. Thank you for becoming a member.

You're not logged in!

Compare scores with friends on all Sporcle quizzes.
OR
Log In

Show Comments

Extras

Top Quizzes Today


Score Distribution

Your Account Isn't Verified!

In order to create a playlist on Sporcle, you need to verify the email address you used during registration. Go to your Sporcle Settings to finish the process.

Report this User

Report this user for behavior that violates our Community Guidelines.

Details: